|
|
|
|
| LEADER |
01351nam a22003497i 4500 |
| 001 |
AAL9689 |
| 003 |
BD-DhAAL |
| 005 |
20180523113551.0 |
| 008 |
180523s2014 bg b 000 1 ben |
| 999 |
|
|
|c 39388
|d 39388
|
| 010 |
|
|
|a 2014358203
|
| 020 |
|
|
|a 9789842003820
|
| 025 |
|
|
|a B-B-2014-358203; 10
|
| 037 |
|
|
|b Library of Congress -- New Delhi Overseas Office
|
| 040 |
|
|
|a DLC
|b eng
|e rda
|c DLC
|d DLC
|d BD-DhAAL
|
| 050 |
0 |
0 |
|a MLCSA 2014/01684
|
| 082 |
|
|
|2 22
|a 891.4437
|
| 100 |
|
|
|a তানজিয়া, গাজী
|9 25980
|
| 245 |
1 |
0 |
|a কালের নায়ক /
|c গাজী তানজিয়া
|
| 246 |
3 |
1 |
|a Kaler nayok
|
| 264 |
|
1 |
|a ঢাকা :
|b অ্যাডর্ন বুকস,
|c ২০১৪
|
| 300 |
|
|
|a 269 pages;
|c 22 cm
|
| 500 |
|
|
|a Novel.
|
| 504 |
|
|
|a Includes bibliographical references (pages 268-269).
|
| 520 |
|
|
|a Novel based on the life of Āhamada Chaphā, Bengali author form Bangladesh.
|
| 541 |
|
|
|e 9689
|
| 546 |
|
|
|a In Bengali.
|
| 600 |
0 |
0 |
|a Āhamada Chaphā
|v Fiction.
|9 25981
|
| 650 |
|
|
|a Bengali fiction
|9 25982
|
| 852 |
|
|
|a Savar Campus Library
|c General Shelf
|
| 942 |
|
|
|2 ddc
|c BK
|
| 952 |
|
|
|0 0
|1 0
|2 ddc
|4 0
|6 891_443700000000000_TAN
|7 0
|9 63373
|a SCL
|b SCL
|c GEN
|d 2018-05-23
|e Development Book Agency
|g 486.00
|l 1
|m 6
|o 891.4437 TAN
|p 3020009689
|r 2018-12-08
|s 2018-10-16
|t 1
|w 2018-05-23
|y BK
|